000 00347nam a22001457a 4500
008 211019b ||||| |||| 00| 0 eng d
020 _a9780072553932
041 _aeng
080 _24th
_a339.138
082 _a339.138
100 _a60
101 _aMAR
245 _aMarketing Strategy A Decision Focused Approach
_cWalker,
942 _2udc
_cBK
999 _c58284
_d58284